Statistics for New England Patriots Starters 2012 season

Click here to take the quiz!

General Stats

  • This quiz has been taken 707 times
  • The average score is 11 of 25

Answer Stats

PositionPlayer% Correct
QBTom Brady
100%
TERob Gronkowski
90%
WRWes Welker
78%
TEAaron Hernandez
68%
DTVince Wilfork
63%
KStephen Gostkowski
58%
RBStevan Ridley
58%
CBAqib Talib
56%
FSDevin McCourty
51%
LBDont'a Hightower
44%
LBJerod Mayo
43%
DEChandler Jones
42%
LTNate Solder
41%
SSSteven Gregory
41%
LGLogan Mankins
39%
RTSebastian Vollmer
35%
DERob Ninkovich
34%
PZoltan Mesko
32%
WRBrandon Lloyd
30%
CBAlfonzo Dennard
28%
LBBrandon Spikes
26%
RGDan Connolly
19%
CRyan Wendell
18%
DTKyle Love
13%
HDanny Aiken
10%

Score Distribution

Percentile by Number Answered

Percent of People with Each Score

Your Score History

You have not taken this quiz